|
|
|
|
| LEADER |
00000nam a2200000 a 4500 |
| 001 |
vtls001451663 |
| 003 |
SK-MaSNL |
| 005 |
20260426010156.0 |
| 008 |
251113sm y0 DE b r 0 ger |
| 020 |
|
|
|a 3447044446
|
| 035 |
|
|
|a SNK000406970
|
| 040 |
|
|
|a SNK
|b slo
|c SNK
|e AACR2
|
| 043 |
|
|
|a e------
|
| 043 |
|
|
|a a------
|
| 044 |
|
|
|a DE
|
| 072 |
|
7 |
|a 930
|x Historická veda. Pomocné vedy historické. Archívnictvo
|2 konspekt
|
| 072 |
|
7 |
|a 930.85
|x Dejiny civilizácie. Kultúrne dejiny
|2 konspekt
|
| 080 |
|
|
|a 94(4)
|2 1981
|
| 080 |
|
|
|a 94(5)
|2 1981
|
| 080 |
|
|
|a 930
|2 1981
|
| 080 |
|
|
|a (048.8)
|2 1981
|
| 080 |
|
|
|a (4)
|2 1981
|
| 080 |
|
|
|a (5)
|2 1981
|
| 100 |
1 |
|
|a Göckenjan, Hansgerd,
|d 1938-2005
|4 aut
|9 664897
|
| 245 |
1 |
0 |
|a Orientalische Berichte über die Völker Osteuropas und Zentralasiens im Mittelalter
|b die Gayhani-Tradiotion (Ibn Rusta, Gardizi, Hudúd al-Alam, al-Bakri und al-Marwazi)
|c Hansgerd Göckenjan und István Zimonyi
|
| 260 |
|
|
|a Wiesbaden
|b Harrassowitz
|c 2001
|
| 300 |
|
|
|a xvi, 342 s., ix mp. na príl.
|c 24 cm
|
| 490 |
1 |
|
|a Veröffentlichungen der Societas Uralo-Altaica
|x 0340-6423
|v Bd- 54
|
| 650 |
0 |
7 |
|a historiografia
|2 SNK
|9 3848
|
| 651 |
|
7 |
|a Európa východná
|2 SNK
|9 167635
|
| 651 |
|
7 |
|a Ázia stredná
|2 SNK
|9 31348
|
| 655 |
|
7 |
|a príručky
|2 SNK
|9 74364
|
| 655 |
|
7 |
|a štúdie
|2 SNK
|9 57033
|
| 700 |
1 |
|
|a Zimonyi, István
|4 aut
|9 410825
|
| 830 |
|
0 |
|a Veröffentlichungen der Societas Uralo-Altaica
|9 576119
|
| 919 |
|
|
|a 3-447-04444-6
|
| 999 |
|
|
|c 1027397
|d 1029327
|
| 952 |
|
|
|t snkORI 930
|a SNKUST
|b SNKUST
|y PREZ
|7 0
|p 17A0378138
|o snkIC 130741
|i snkV 663/2003
|0 0
|1 0
|4 0
|d 2003-04-07
|l 0
|r 2025-03-20 00:00:00
|w 2026-02-24
|